书目信息 |
| 题名: |
环境规划方法与应用
|
|
| 作者: | 郭怀成 主编 | |
| 分册: | ||
| 出版信息: | 北京 化学工业出版社 2006.05 |
|
| 页数: | 210页 | |
| 开本: | 26cm | |
| 丛书名: | ||
| 单 册: | ||
| 中图分类: | X32 | |
| 科图分类: | ||
| 主题词: | 环境规划 , 环境管理 , 环境堡规划 | |
| 电子资源: | ||
| ISBN: | 7-5025-8392-0 | |
| 000 | 00614nam0 2200217 450 | |
| 001 | 0659364999 | |
| 005 | 20061010150527.28 | |
| 010 | @a7-5025-8392-0@dCNY 28.00 | |
| 100 | @a20060817d2006 km y0chiy0120 ea | |
| 101 | 0 | @achi |
| 102 | @aCN@b110000 | |
| 200 | 1 | @a环境规划方法与应用@Ahuan jing gui hua fang fa yu ying yong@f郭怀成主编@Fguo huai cheng zhu bian |
| 210 | @a北京@c化学工业出版社@d2006.05 | |
| 215 | @a210页@d26cm | |
| 606 | 0 | @a环境规划 |
| 606 | 0 | @a环境管理 |
| 606 | 0 | @a环境堡规划 |
| 690 | @aX32@v4 | |
| 701 | 0 | @a郭怀成@Aguo huai cheng@4主编 |
| 801 | @aCN@c20061010 | |
| 905 | @apdsgxy@dX32@eG800 | |
| 环境规划方法与应用/郭怀成主编.-北京:化学工业出版社,2006.05 |
| 210页;26cm |
| ISBN 7-5025-8392-0:CNY 28.00 |
| ● |
| 相关链接 |
|
|
|
正题名:环境规划方法与应用
索取号:X32/G800
 
预约/预借
| 序号 | 登录号 | 条形码 | 馆藏地/架位号 | 状态 | 备注 |
| 1 | 608319 | 206083192 | 自科库501/501自科库 65排5列5层/ [索取号:X32/G800] | 在馆 | |
| 2 | 608320 | 206083209 | 自科库501/501自科库 65排5列5层/ [索取号:X32/G800] | 在馆 | |
| 3 | 608321 | 206083218 | 期刊室512/501自科库 65排5列5层/ [索取号:X32/G800] | 在馆 | |
| 4 | 608322 | 206083227 | 自科库501/501自科库 65排5列5层/ [索取号:X32/G800] | 在馆 |